Expert consultation on nutrition indicators for biodiversity. (Record no. 14755)

000 -LEADER
fixed length control field 01417cam a2200265 a 4500
020 ## - INTERNATIONAL STANDARD BOOK NUMBER
ISBN 9789251067314 (pbk.)
020 ## - INTERNATIONAL STANDARD BOOK NUMBER
ISBN 9251067317 (pbk.)
040 ## - CATALOGING SOURCE
Transcribing agency AU@
082 04 - DEWEY DECIMAL CLASSIFICATION NUMBER
Classification number 333 FOO 2010 A068 Or.
245 00 - TITLE STATEMENT
Title Expert consultation on nutrition indicators for biodiversity.
246 30 - VARYING FORM OF TITLE
Title proper/short title Food consumption
260 ## - PUBLICATION, DISTRIBUTION, ETC. (IMPRINT)
Place of publication Rome :
Name of publisher Food and Agriculture Organization of the United Nations,
Year of publication 2010.
300 ## - PHYSICAL DESCRIPTION
Number of Pages ix, 59 p. ;
Dimensions 25 cm.
500 ## - GENERAL NOTE
General note "An expert consultation was held on 8 and 9 June 2009 in Washington, DC."--P. ix.
520 ## - SUMMARY, ETC.
Summary, etc The nutrition indicators for biodiversity measure the food composition and consumption of cultivars, varieties, breeds and subspecies of commonly consumed foods, as well as underutilized, uncultivated, indigenous plant and animal species. This publication is related to food consumption. It aims to report on progress regarding food consumption for biodiversity and will help preserve existing biodiversity within well-managed ecosystems, with their many sources of nutritionally-rich foods--Publisher's description.
650 #0 - SUBJECT ADDED ENTRY--TOPICAL TERM
Topical Term Food consumption
650 #0 - SUBJECT ADDED ENTRY--TOPICAL TERM
Topical Term Food
650 #0 - SUBJECT ADDED ENTRY--TOPICAL TERM
Topical Term Food
650 #0 - SUBJECT ADDED ENTRY--TOPICAL TERM
Topical Term Biodiversity
650 #0 - SUBJECT ADDED ENTRY--TOPICAL TERM
Topical Term Agrobiodiversity
650 #0 - SUBJECT ADDED ENTRY--TOPICAL TERM
Topical Term Sustainable biodiversity
710 2# - ADDED ENTRY--CORPORATE NAME
Corporate name or jurisdiction name as entry element Food and Agriculture Organization of the United Nations.
856 41 - ELECTRONIC LOCATION AND ACCESS
Uniform Resource Identifier http://www.fao.org/infoods/biodiversity/FoodConsumptionIndicatorfinaloct2010.pdf
942 ## - ADDED ENTRY ELEMENTS (KOHA)
Koha item type សៀវភៅភាសាអង់គ្លេស
952 ## - LOCATION AND ITEM INFORMATION (KOHA)
Withdrawn status [LOCAL, KOHA] 0
Holdings
Permanent Location Date acquired Koha item type Lost status Shelving location Barcode Current Location Full call number
Library Block A2017-10-25សៀវភៅភាសាអង់គ្លេស A068A22608Library Block A333 FOO 2010 A068 Or.
មជ្ឈមណ្ឌលឯការនៃសាកលវិទ្យាល័យភូមិន្ទកសិកម្មចំការដូង

Powered by Koha